000 01284nam a2200253 a 4500
001 000048378
003 DO-SdBNP
005 20220706111401.0
007 ta
008 190218s2016 dr ac 000 m spa d
020 _a9789945588965
040 _aDO-SdBNP
_bspa
_cBNPHU
082 4 _bR621c
_222
100 1 _aRivera, Claudio,
_d1968-
_975792
245 1 0 _aCaminando sobre el agua :
_b25 años de un espacio guloya /
_cClaudio Rivera.
246 1 0 _aCaminando sobre el agua :
_bveinticinco años de un espacio guloya
260 _aSanto Domingo :
_bEdiciones Ferilibro,
_c2016.
300 _a324 p. :
_bil. ;
_c22 cm.
500 _a"Obra seleccionada dentro de la convocatoria abierta para publicaciones con motivo de la XII Feria Regional del Libro Hato Mayor 2016, República Dominicana."
500 _aIncluye datos biográficos del autor en la solapa de la cubierta
505 0 _aPara presentar ciertas memorias sensibles de un guloya pensante /
_rVivian Martínez Tabares --
_tReflexiones sobre las estéticas teatrales en la República Dominicana --
_tAntropología teatral, Brecht y las tradiciones --
_tReflexiones sobre las estéticas teatrales en el Guloya --
_tPropuestas y reflexiones sobre pedagogía teatral --.
590 _aInventariado, 2019/LP
942 _2ddc
_cLBS1
999 _c47866
_d47866